[Event "First Saturday 2010 oktober IM-B"]
[Site "Budapest"]
[Date "2010.10.08"]
[Round "7"]
[White "Tran, Tuan Minh"]
[Black "Petran, Pal"]
[Result "1-0"]
[WhiteElo "2227"]
[BlackElo "2348"]
[PlyCount "109"]
[EventDate "2010.10.02"]

1. d4 Nf6 2. Bg5 e6 3. e4 h6 4. Bxf6 Qxf6 5. Nc3 Bb4 6. Qd2 d6 7. f4 Nd7 8. Nf3
e5 9. fxe5 dxe5 10. d5 g5 11. O-O-O g4 12. Ne1 Qg5 13. Bb5 a6 14. Bxd7+ Bxd7
15. Nd3 Bd6 16. Rdf1 Rf8 17. Rf2 f6 18. Rhf1 Be7 19. Nd1 Qg6 20. Qe3 b6 21. Kb1
O-O-O 22. c4 Bd6 23. b4 Qg5 24. Qxg5 fxg5 25. Ne3 Rf4 26. Nxf4 gxf4 27. Nc2 a5
28. bxa5 bxa5 29. Ne1 Bc5 30. Re2 Bd4 {after 24 move} 31. Nc2 Bc5 32. Kb2 Rf8
33. Ne1 Bd4+ 34. Kc2 Rf6 35. Kd2 h5 36. Nd3 Kd8 37. c5 Bb5 38. c6 Ke7 39. Rb1
Bc4 40. Rb7 Kd6 41. Rb8 f3 42. Rd8+ Ke7 43. Rd7+ Ke8 44. gxf3 gxf3 45. Re1 f2
46. Rb1 Bb6 47. d6 Bxd3 48. Kxd3 f1=Q+ 49. Rxf1 Rxf1 50. dxc7 Bxc7 51. Rxc7 Rc1
52. a4 Kd8 53. Ra7 Rc5 54. Rd7+ Kc8 55. Rd5 1-0

[Event "First Saturday 2010 oktober IM-B"]
[Site "Budapest"]
[Date "2010.10.08"]
[Round "7"]
[White "Ocantos, Manuel"]
[Black "Koczo, Kristof"]
[Result "1-0"]
[WhiteElo "2176"]
[BlackElo "2189"]
[PlyCount "73"]
[EventDate "2010.10.02"]

1. c4 c6 2. e4 d5 3. exd5 cxd5 4. d4 Nf6 5. Nc3 Nc6 6. Bg5 e6 7. Nf3 Be7 8. Rc1
O-O 9. c5 Ne4 10. Bxe7 Nxe7 11. Bd3 Qa5 12. O-O Nxc3 13. Rxc3 h6 14. a3 Bd7 15.
Re1 Bb5 16. Bb1 Qc7 17. Qc2 g6 18. Ne5 f5 19. c6 Bxc6 20. Nxc6 Nxc6 21. Rxe6
Rae8 22. Rxe8 Rxe8 23. Re3 Rxe3 24. fxe3 Qe7 25. Qf2 Na5 26. Ba2 Nc4 27. Bxc4
dxc4 28. Qg3 Kf7 29. h3 b5 30. Qf4 h5 31. d5 a6 32. d6 Qe6 33. Qd4 Qe4 34. Qa7+
Kf6 35. d7 Ke7 36. Qc7 Qxe3+ 37. Kh2 1-0

[Event "First Saturday 2010 oktober IM-B"]
[Site "Budapest"]
[Date "2010.10.08"]
[Round "7"]
[White "Lengyel, Bela"]
[Black "Szamoskozi, Gabor"]
[Result "1-0"]
[WhiteElo "2261"]
[BlackElo "2335"]
[PlyCount "121"]
[EventDate "2010.10.02"]

1. e4 c5 2. Nf3 Nc6 3. d4 cxd4 4. Nxd4 Nf6 5. Nc3 e5 6. Ndb5 d6 7. a4 a6 8. Na3
Be6 9. Bc4 Rc8 10. O-O Be7 11. Bg5 O-O 12. Bxf6 Bxf6 13. Nd5 Bg5 14. c3 Ne7 15.
Qb3 Bxd5 16. Bxd5 Nxd5 17. Qxd5 Qb6 18. Nc4 Qc7 19. b3 Be7 20. a5 Qc6 21. Nb6
Qxd5 22. Nxd5 Rfe8 23. Rfd1 Kf8 24. Kf1 Rc6 25. Ke2 Ra8 26. Ra4 Bd8 27. Rda1
Rac8 28. Kd3 g6 29. f3 f5 30. R4a2 Kf7 31. c4 h5 32. Rc2 f4 33. b4 Ra8 34. Ra4
Rac8 35. Rc3 Ra8 36. Rb3 b6 37. axb6 Bxb6 38. b5 axb5 39. cxb5 Rxa4 40. bxc6
Rd4+ 41. Kc2 Ba5 42. Rb7+ Kf8 43. Ra7 Rc4+ 44. Kb3 Rxc6 45. Rxa5 Rc1 46. Ra8+
Kg7 47. Ra7+ Kh6 48. Nf6 Rh1 49. h3 Rh2 50. Ra2 Kg5 51. Ne8 Kh4 52. Nxd6 Kg3
53. Nf7 Rxg2 54. Rxg2+ Kxg2 55. Nxe5 g5 56. Nd3 Kxf3 57. e5 Ke4 58. e6 Kxd3 59.
e7 f3 60. e8=Q f2 61. Qb5+ 1-0

[Event "First Saturday 2010 oktober IM-B"]
[Site "Budapest"]
[Date "2010.10.08"]
[Round "7"]
[White "Turzo, Attila"]
[Black "Istvanovszky, Martin"]
[Result "1/2-1/2"]
[WhiteElo "2331"]
[BlackElo "2282"]
[PlyCount "24"]
[EventDate "2010.10.02"]

1. e4 c5 2. Nf3 d6 3. d4 cxd4 4. Nxd4 Nf6 5. Nc3 g6 6. Be3 Bg7 7. f3 O-O 8. Qd2
Nc6 9. Bc4 Bd7 10. O-O-O Ne5 11. Bb3 Rc8 12. Bg5 Rc5 1/2-1/2

[Event "First Saturday 2010 oktober IM-B"]
[Site "Budapest"]
[Date "2010.10.08"]
[Round "7"]
[White "Oparin, Grigory"]
[Black "Getz, Nicolai"]
[Result "0-1"]
[WhiteElo "2305"]
[BlackElo "2276"]
[PlyCount "94"]
[EventDate "2010.10.02"]

1. e4 c5 2. Nf3 Nc6 3. d4 cxd4 4. Nxd4 g6 5. c4 Nf6 6. Nc3 d6 7. Be2 Nxd4 8.
Qxd4 Bg7 9. Be3 O-O 10. Qd2 a5 11. f3 a4 12. O-O Qa5 13. Rfc1 Be6 14. Rab1 Rfc8
15. b4 axb3 16. axb3 Qb4 17. Rc2 Bd7 18. Na2 Qxd2 19. Rxd2 Ne8 20. Nc1 b5 21.
cxb5 Rcb8 22. b6 Bc3 23. Ra2 Rxa2 24. Nxa2 Ba5 25. b4 Bxb6 26. Kf2 Nc7 27. Nc3
Kf8 28. Bxb6 Rxb6 29. b5 e6 30. Ke3 Ke7 31. f4 f6 32. g4 d5 33. e5 g5 34. Kd4
gxf4 35. exf6+ Kd6 36. f7 e5+ 37. Kd3 Ke7 38. Kd2 Kxf7 39. Rc1 Rb7 40. Rb1 Ke6
41. Bd3 e4 42. b6 Na8 43. Nxe4 dxe4 44. Bxe4 Rxb6 45. Rf1 Rd6+ 46. Kc3 Nc7 47.
Bxh7 Nd5+ 0-1

[Event "First Saturday 2010 oktober IM-B"]
[Site "Budapest"]
[Date "2010.10.09"]
[Round "8"]
[White "Petran, Pal"]
[Black "Getz, Nicolai"]
[Result "0-1"]
[WhiteElo "2348"]
[BlackElo "2276"]
[PlyCount "65"]
[EventDate "2010.10.02"]

1. d4 Nf6 2. c4 e6 3. Nc3 Bb4 4. e3 O-O 5. Bd3 d5 6. Nf3 c5 7. O-O Nc6 8. a3
Bxc3 9. bxc3 dxc4 10. Bxc4 Qc7 11. Bb2 b6 12. Qe2 Bb7 13. Rfd1 Na5 14. Bd3 c4
15. Bc2 Be4 16. a4 Rfe8 17. Ba3 Qb7 18. Ra2 Rad8 19. Bb4 Qd5 20. Ne5 Nc6 21.
Bxe4 Nxe4 22. Nxc6 Qxc6 23. a5 Nf6 24. axb6 axb6 25. Ra7 Nd5 26. Rda1 Nxb4 27.
cxb4 e5 28. dxe5 Rxe5 29. Qf3 Qxf3 30. gxf3 Rb5 31. Ra8 Rf8 32. R1a4 g6 33.
R8a7 {after 28 move} 0-1

[Event "First Saturday 2010 oktober IM-B"]
[Site "Budapest"]
[Date "2010.10.09"]
[Round "8"]
[White "Istvanovszky, Martin"]
[Black "Oparin, Grigory"]
[Result "1/2-1/2"]
[WhiteElo "2282"]
[BlackElo "2305"]
[PlyCount "122"]
[EventDate "2010.10.02"]

1. d4 d5 2. c4 e6 3. Nc3 Be7 4. cxd5 exd5 5. Bf4 Nf6 6. e3 Bf5 7. Nge2 O-O 8.
Rc1 c6 9. Ng3 Be6 10. Bd3 Nbd7 11. O-O Re8 12. Qb3 Qb6 13. Nb5 Rac8 14. Nd6
Qxb3 15. axb3 Bxd6 16. Bxd6 Red8 17. f3 Nb6 18. Bf4 Nfd7 19. b4 a6 20. b3 Re8
21. Kf2 Nf8 22. Ne2 Ng6 23. Bg3 Na8 24. Nc3 Ne7 25. Rfe1 Nc7 26. Na4 Na8 27.
Nc5 b5 28. Ra1 Nc7 29. Rec1 Red8 30. Bxc7 Rxc7 31. Rxa6 Rdc8 32. g4 h6 33. h3
Kf8 34. Rca1 Ng8 35. Ra7 Nf6 36. e4 dxe4 37. fxe4 Ke7 38. Ke3 Nd7 39. Bc2 f6
40. Rxc7 Rxc7 41. Nxe6 Kxe6 42. Bd3 Kd6 43. Ra8 Nb6 44. Ra6 Rb7 45. Kf4 Ke6 46.
Be2 g5+ 47. Ke3 Kd6 48. Bf3 Rb8 49. Kd3 Rb7 50. e5+ fxe5 51. dxe5+ Kxe5 52.
Bxc6 Rb8 53. Ra7 Rd8+ 54. Ke3 Rc8 55. Bxb5 Rc3+ 56. Kd2 Rxh3 57. Be2 Rxb3 58.
b5 Rb2+ 59. Ke1 Rb4 60. Ra6 Nd5 61. Rxh6 Nc3 1/2-1/2

[Event "First Saturday 2010 oktober IM-B"]
[Site "Budapest"]
[Date "2010.10.09"]
[Round "8"]
[White "Szamoskozi, Gabor"]
[Black "Turzo, Attila"]
[Result "1/2-1/2"]
[WhiteElo "2335"]
[BlackElo "2331"]
[PlyCount "59"]
[EventDate "2010.10.02"]

1. e4 c5 2. Nf3 e6 3. d4 cxd4 4. Nxd4 Qb6 5. Be3 Qxb2 6. Nd2 Qb6 7. Nb5 Qa5 8.
c3 d5 9. exd5 exd5 10. Nb3 Qd8 11. Qxd5 Qxd5 12. Nc7+ Kd8 13. Nxd5 Ne7 14.
O-O-O Nxd5 15. Rxd5+ Bd7 16. Nc5 Bxc5 17. Bxc5 Kc8 18. Rg5 g6 19. h4 Be6 20.
Bd4 Re8 21. Bb5 Nc6 22. Rc5 Kc7 23. a3 Bd7 24. Be3 b6 25. Rd5 Be6 26. Bf4+ Kb7
27. Rd6 Rac8 28. Rhd1 Re7 29. Bg5 Rec7 30. Bxc6+ 1/2-1/2

[Event "First Saturday 2010 oktober IM-B"]
[Site "Budapest"]
[Date "2010.10.09"]
[Round "8"]
[White "Koczo, Kristof"]
[Black "Lengyel, Bela"]
[Result "0-1"]
[WhiteElo "2189"]
[BlackElo "2261"]
[PlyCount "120"]
[EventDate "2010.10.02"]

1. d4 d5 2. Nf3 Nf6 3. c4 e6 4. Nc3 Be7 5. Bg5 Nbd7 6. e3 O-O 7. cxd5 exd5 8.
Bd3 c6 9. Qc2 Re8 10. O-O Nf8 11. Rab1 Ne4 12. Bxe7 Qxe7 13. Bxe4 dxe4 14. Nd2
f5 15. b4 Be6 16. Na4 Ng6 17. b5 Rac8 18. bxc6 Rxc6 19. Qb2 b6 20. Rfc1 Rec8
21. Nb3 Qb4 22. Rxc6 Rxc6 23. d5 Bxd5 24. Qd4 Qxd4 25. Nxd4 Rc4 26. Nb2 Rc5 27.
Na4 Ra5 28. Nc3 Ne7 29. Rb5 Rxb5 30. Ndxb5 a6 31. Nd6 g6 32. g4 Be6 33. gxf5
gxf5 34. a3 Kf8 35. Kg2 Nc6 36. Kg3 Ke7 37. Ndxe4 fxe4 38. Kf4 b5 39. Kxe4 Bc4
40. Nd5+ Bxd5+ 41. Kxd5 b4 42. axb4 Nxb4+ 43. Kc4 Nc2 44. Kc5 Ne1 45. Kb6 Nf3
46. h3 Kf6 47. Kxa6 Kg5 48. Kb5 Kh4 49. Kc5 Kxh3 50. Kd5 h5 51. e4 Kg2 52. e5
Nxe5 53. Kxe5 h4 54. f4 h3 55. f5 h2 56. f6 h1=Q 57. Ke6 Qh6 58. Ke7 Qg5 59.
Ke6 Kf3 60. f7 Qd8 0-1

[Event "First Saturday 2010 oktober IM-B"]
[Site "Budapest"]
[Date "2010.10.09"]
[Round "8"]
[White "Tran, Tuan Minh"]
[Black "Ocantos, Manuel"]
[Result "1-0"]
[WhiteElo "2227"]
[BlackElo "2176"]
[PlyCount "117"]
[EventDate "2010.10.02"]

1. d4 Nf6 2. Nf3 g6 3. g3 Bg7 4. Bg2 O-O 5. O-O d6 6. c4 Nc6 7. Nc3 a6 8. Qc2
Bf5 9. e4 Bg4 10. Be3 Nd7 11. Rfd1 e5 12. Ne2 Bxf3 13. Bxf3 exd4 14. Nxd4 Nxd4
15. Bxd4 Bxd4 16. Rxd4 Qf6 17. Qc3 c5 18. Rd2 Ne5 19. Bg2 Qe6 20. Rad1 Rfd8 21.
f4 Nc6 22. f5 gxf5 23. exf5 Qxf5 24. Bd5 Ne5 25. Rf1 Qg5 26. Rdf2 Rd7 27. Rf5
Qg7 28. a4 Rf8 29. a5 Kh8 30. Qc2 f6 31. Qf2 Ng4 32. Qf4 Re7 33. Be4 Rfe8 34.
Bb1 Re1 35. Rh5 Rxf1+ 36. Kxf1 f5 37. Bxf5 Nf6 38. Rh4 Qe7 39. Kg2 Qe5 40. Kh3
Qxf4 41. Rxf4 Kg7 42. g4 Re2 43. g5 Ng8 44. Be4 Rxb2 45. Bd5 Re2 46. Re4 Rxe4
47. Bxe4 Ne7 48. Bxb7 Kf7 49. Kg4 Ke6 50. Bxa6 Nc6 51. Bc8+ Ke5 52. a6 Na7 53.
Bf5 d5 54. cxd5 c4 55. Bxh7 c3 56. Bb1 Nb5 57. g6 Na3 58. a7 Nxb1 59. a8=Q 1-0

[Event "First Saturday 2010 oktober IM-B"]
[Site "Budapest"]
[Date "2010.10.10"]
[Round "9"]
[White "Ocantos, Manuel"]
[Black "Petran, Pal"]
[Result "0-1"]
[WhiteElo "2176"]
[BlackElo "2348"]
[PlyCount "54"]
[EventDate "2010.10.02"]

1. e4 e5 2. Nf3 Nc6 3. d4 exd4 4. Nxd4 Bb4+ 5. c3 Bc5 6. Be3 Bb6 7. Nf5 Bxe3 8.
Nxe3 Nf6 9. f3 O-O 10. Bc4 d6 11. O-O Be6 12. Na3 Ne5 13. Bxe6 fxe6 14. Qb3 Qd7
15. Nb5 c6 16. Nd4 d5 17. Rad1 c5 18. Ne2 c4 19. Qc2 Nd3 20. exd5 exd5 21. Nc1
Qe6 22. Qd2 Nxb2 23. Rde1 Na4 24. Nxc4 Qc6 25. Ne5 Qxc3 26. Qe2 Rae8 27. Ncd3
Nc5 0-1

[Event "First Saturday 2010 oktober IM-B"]
[Site "Budapest"]
[Date "2010.10.10"]
[Round "9"]
[White "Lengyel, Bela"]
[Black "Tran, Tuan Minh"]
[Result "1/2-1/2"]
[WhiteElo "2261"]
[BlackElo "2227"]
[PlyCount "126"]
[EventDate "2010.10.02"]

1. e4 e6 2. d4 d5 3. Nc3 Bb4 4. e5 c5 5. a3 Bxc3+ 6. bxc3 Qa5 7. Bd2 Qa4 8. Qb1
c4 9. Nh3 Ne7 10. Nf4 g6 11. h4 h5 12. g3 Nbc6 13. Bh3 Bd7 14. O-O O-O-O 15.
Ne2 Kb8 16. Bg5 Ka8 17. Qc1 Rc8 18. Qd2 Rc7 19. Rfb1 Rb8 20. Bxe7 Nxe7 21. Nf4
Be8 22. Rb4 Qa5 23. Ng2 Nc6 24. Rbb1 b5 25. Ne1 Rb6 26. Nf3 Ra6 27. Ng5 Qb6 28.
Nh7 Ra4 29. Nf6 Bd7 30. Qh6 Nb8 31. Qf8 Bc6 32. Re1 a5 33. Bg2 Ka7 34. Nh7 Na6
35. Ng5 Qb8 36. Qg7 b4 37. axb4 axb4 38. cxb4 Qxb4 39. Rab1 Qc3 40. Qf6 Qxc2
41. Nxf7 Qf5 42. Ng5 c3 43. Bh3 Qd3 44. Bf1 Qf5 45. Nxe6 Qxf6 46. exf6 Rf7 47.
Nd8 Rxf6 48. Nxc6+ Rxc6 49. Bb5 Rac4 50. Bxc6 Rxc6 51. Rec1 Rc4 52. Kf1 Nb4 53.
Rxb4 Rxb4 54. Rxc3 Kb6 55. Rf3 Rxd4 56. Rf6+ Kc5 57. Rxg6 Kc4 58. Rg5 Re4 59.
Rxh5 d4 60. Rh8 d3 61. Rc8+ Kb3 62. Rd8 Kc2 63. Rc8+ Kb2 1/2-1/2

[Event "First Saturday 2010 oktober IM-B"]
[Site "Budapest"]
[Date "2010.10.10"]
[Round "9"]
[White "Turzo, Attila"]
[Black "Koczo, Kristof"]
[Result "1/2-1/2"]
[WhiteElo "2331"]
[BlackElo "2189"]
[PlyCount "89"]
[EventDate "2010.10.02"]

1. e4 c5 2. Nc3 d6 3. f4 e6 4. Nf3 Nf6 5. Bb5+ Bd7 6. Bxd7+ Qxd7 7. O-O Nc6 8.
d3 Be7 9. Kh1 d5 10. Ne5 Qc7 11. Nxc6 Qxc6 12. Qe2 d4 13. Nb1 b5 14. a4 bxa4
15. c4 dxc3 16. Nxc3 O-O 17. Rxa4 Rfd8 18. f5 Rd4 19. e5 Rxa4 20. exf6 Bxf6 21.
Nxa4 Qxa4 22. fxe6 fxe6 23. Qxe6+ Kh8 24. h3 Qc2 25. Re1 Rg8 26. Qd7 Be5 27.
Qxa7 Bg3 28. Rf1 Qxd3 29. Qf7 h6 30. Qf3 Rd8 31. Qxd3 Rxd3 32. Bf4 Bh4 33. Rc1
Bf2 34. Kh2 Rb3 35. Be5 Kg8 36. Rd1 Bd4 37. Bxd4 cxd4 38. Rd2 Kf7 39. Rxd4 Rxb2
40. Kg3 Ke6 41. Rf4 g6 42. Kf3 h5 43. h4 Rb3+ 44. Kf2 Ke5 45. Rf8 1/2-1/2

[Event "First Saturday 2010 oktober IM-B"]
[Site "Budapest"]
[Date "2010.10.10"]
[Round "9"]
[White "Oparin, Grigory"]
[Black "Szamoskozi, Gabor"]
[Result "1/2-1/2"]
[WhiteElo "2305"]
[BlackElo "2335"]
[PlyCount "47"]
[EventDate "2010.10.02"]

1. e4 c5 2. Nf3 Nc6 3. Nc3 g6 4. d4 cxd4 5. Nxd4 Bg7 6. Be3 Nf6 7. Nxc6 bxc6 8.
e5 Nd5 9. Nxd5 cxd5 10. Qxd5 Rb8 11. Bc4 O-O 12. O-O Qc7 13. f4 d6 14. exd6
exd6 15. Bb3 Be6 16. Qd2 Bxb2 17. Rad1 Rbd8 18. Bd4 Bxd4+ 19. Qxd4 Qc5 20. Rf2
Bg4 21. Rdd2 Be6 22. Rd1 Bg4 23. Rdd2 Be6 24. Rd1 1/2-1/2

[Event "First Saturday 2010 oktober IM-B"]
[Site "Budapest"]
[Date "2010.10.10"]
[Round "9"]
[White "Getz, Nicolai"]
[Black "Istvanovszky, Martin"]
[Result "0-1"]
[WhiteElo "2276"]
[BlackElo "2282"]
[PlyCount "84"]
[EventDate "2010.10.02"]

1. e4 c5 2. Nf3 d6 3. d4 cxd4 4. Nxd4 Nf6 5. Nc3 g6 6. Be3 Bg7 7. f3 O-O 8. Qd2
Nc6 9. O-O-O Bd7 10. g4 Rc8 11. Kb1 Ne5 12. h4 Qa5 13. Be2 Rxc3 14. Qxc3 Qxc3
15. bxc3 Rc8 16. Bd2 Be8 17. Rh3 Nfd7 18. Rg1 Nb6 19. Nf5 gxf5 20. gxf5 Kh8 21.
Rhg3 Na4 22. Rxg7 Ng6 23. fxg6 Kxg7 24. Bh6+ Kxh6 25. g7 Bc6 26. g8=Q Rxg8 27.
Rxg8 Nxc3+ 28. Kc1 Nxe2+ 29. Kd2 Nd4 30. f4 Nf3+ 31. Ke3 Nxh4 32. f5 d5 33. Rg4
Kh5 34. Rg7 dxe4 35. Kf4 h6 36. Rxf7 Ng2+ 37. Kg3 Ne3 38. Kf4 Nxc2 39. Rxe7 e3
40. Re5 a6 41. a3 Bb5 42. Rc5 e2 0-1